LEADER 00493nam 2200169z- 450 001 9910773587603321 035 $a(WsH)locahvl 035 $a(CKB)5490000000495059 035 $a(EXLCZ)995490000000495059 100 $a20230719c1976uuuu -u- - 101 0 $aeng 200 10$aLiberia: Recovery of Citizenship Lost due to Renunciation 517 $aLiberia 906 $aBOOK 912 $a9910773587603321 996 $aLiberia: Recovery of Citizenship Lost due to Renunciation$93664248 997 $aUNINA